| 000 | 00000nam##2200000za#4500 |
| 001 | 9.634907 |
| 003 | CaOODSP |
| 005 | 20210624220013 |
| 007 | cr ||||||||||| |
| 008 | 150407|2007||||xxc|||||o f|0| 0 fre|d |
| 020 | |a978-0-662-07895-1 |
| 040 | |aCaOODSP|bfre |
| 043 | |an-cn--- |
| 086 | 1 |aHS28-138/2007F-PDF |
| 110 | 1 |aCanada. |bRessources humaines et développement social Canada. |
| 245 | 10|aVérification interne de la santé et de la sécurité au travail / |h[ressource électronique]|cServices de vérification interne. |
| 260 | |aGatineau - Québec : |bRessources humaines et Développement social Canada |cNovembre 2007. |
| 300 | |a46p.|bfigures en couleur, glossaire, tableaux |
| 500 | |a« Projet N° : 6506 ». |
| 590 | |a13-05-Supp|b2013-02-27 |
| 691 | 07|aSanté au travail|2gcpds |
| 775 | 08|tAudit of Occupational Health and Safety / |w(CaOODSP)9.690553 |
| 856 | 40|ahttp://publications.gc.ca|qPDF|s253 Ko|uhttps://publications.gc.ca/collections/collection_2013/rhdcc-hrsdc/HS28-138-2007-fra.pdf |
| 986 | |aSP-833-11-07F |